Library Logo

Pioneer International University Library Catalogue

Empowerment takes more than a minute / (Record no. 3790)

MARC details
000 -LEADER
fixed length control field 00565cam a22001814a 4500
005 - DATE AND TIME OF LATEST TRANSACTION
control field 20250901165427.0
008 - FIXED-LENGTH DATA ELEMENTS--GENERAL INFORMATION
fixed length control field 010516s2001 cau b 000 0 eng
010 ## - LIBRARY OF CONGRESS CONTROL NUMBER
LC control number 2001035873
020 ## - INTERNATIONAL STANDARD BOOK NUMBER
International Standard Book Number 1576751538 (pbk. : alk. paper)
050 00 - LIBRARY OF CONGRESS CALL NUMBER
Classification number HD50.5 .B55 2001
Item number .B55 2001
082 00 - DEWEY DECIMAL CLASSIFICATION NUMBER
Classification number 658.4/02
Edition information 21
100 1# - MAIN ENTRY--PERSONAL NAME
Personal name Blanchard, Kenneth H.
245 10 - TITLE STATEMENT
Title Empowerment takes more than a minute /
Statement of responsibility, etc. Ken Blanchard, John P. Carlos, Alan Randolph.
250 ## - EDITION STATEMENT
Edition statement 2nd ed.
260 ## - PUBLICATION, DISTRIBUTION, ETC.
Place of publication, distribution, etc. San Francisco :
Name of publisher, distributor, etc. Berrett-Koehler,
Date of publication, distribution, etc. c2001.
300 ## - PHYSICAL DESCRIPTION
Extent xvii, 135 p. ;
Dimensions 22 cm.
942 ## - ADDED ENTRY ELEMENTS (KOHA)
Source of classification or shelving scheme Dewey Decimal Classification
Holdings
Withdrawn status Lost status Source of classification or shelving scheme Damaged status Not for loan Home library Current library Shelving location Date acquired Total checkouts Full call number Barcode Date last seen Price effective from Koha item type
    Library of Congress Classification     Main Library Main Library   03/29/2021   HD50.5 .B55 2001 PIU0016013 03/29/2021 03/29/2021 Books